[Event "Rilton Cup 50th"]
[Site "Stockholm"]
[Date "2023.01.02"]
[Round "6"]
[White "Wernberg, Hugo"]
[Black "Wagh, Suyog"]
[Result "0-1"]
[WhiteElo "2255"]
[BlackElo "2376"]
[PlyCount "170"]
[EventDate "2022.12.27"]
[EventType "swiss"]
[EventRounds "9"]
[EventCountry "SWE"]
[SourceTitle "CBM 212 Extra"]
[Source "ChessBase"]
[SourceDate "2023.03.31"]
[SourceVersion "1"]
[SourceVersionDate "2023.03.31"]
[SourceQuality "1"]

1. d4 Nf6 2. c4 e6 3. Nf3 b6 4. g3 Ba6 5. Nbd2 c5 6. e4 cxd4 7. e5 Ng8 8. Nxd4 Bb7 9. N2f3 d6 10. exd6 Bxd6 11. Bg2 a6 12. 0-0 Nf6 13. Qa4+ Nbd7 14. Rd1 Qc7 15. Ng5 Bxg2 16. Kxg2 0-0 17. Qc6 Rac8 18. Qxc7 Bxc7 19. b3 Rfe8 20. Ba3 Bb8 21. Ngf3 Nc5 22. Rac1 Nfe4 23. Bxc5 bxc5 24. Ne2 Red8 25. Rxd8+ Rxd8 26. Nc3 Nxc3 27. Rxc3 Kf8 28. Kf1 Rd1+ 29. Ke2 Ra1 30. Rc2 Ke7 31. Ne1 a5 32. Nd3 Bd6 33. Nc1 g5 34. Kd1 g4 35. Re2 Kd7 36. Kc2 Bf8 37. Re1 h5 38. Rh1 Bh6 39. Rd1+ Kc6 40. Kb2 Bg7+ 41. Kc2 Bh6 42. Kb2 Rxc1 43. Rxc1 Bxc1+ 44. Kxc1 a4 45. bxa4 Kb6 46. Kc2 Ka5 47. Kb3 e5 48. Ka3 Ka6 49. Kb2 Kb6 50. Kb3 Ka5 51. Ka3 f6 52. Kb3 Ka6 53. Kc2 Kb6 54. Kd3 f5 55. Kc3 Kb7 56. Kb2 Kc7 57. Kc2 Kc6 58. Kc3 Kd6 59. Kd3 Kd7 60. Kd2 Kd8 61. Kd3 Kc8 62. Kc3 Kb8 63. Kb3 Ka8 64. Kc3 Kb7 65. Kc2 Ka7 66. Kb2 Ka6 67. Kc2 Kb6 68. Kb2 Ka5 69. Kb3 f4 70. Kc3 Kxa4 71. Kd3 fxg3 72. fxg3 Ka3 73. Ke4 Kxa2 74. Kd5 e4 75. Kxe4 Kb3 76. Kf5 Kxc4 77. Kg5 Kd5 78. Kxh5 c4 79. Kxg4 c3 80. Kf5 c2 81. h4 c1Q 82. h5 Qf1+ 83. Kg6 Ke6 84. g4 Qf6+ 85. Kh7 Kf7 0-1

[Event "Rilton Cup 50th"]
[Site "Stockholm"]
[Date "2022.12.27"]
[Round "1"]
[White "Wernberg, Hugo"]
[Black "Sorensen, Hampus"]
[Result "0-1"]
[WhiteElo "2255"]
[BlackElo "2442"]
[PlyCount "100"]
[EventDate "2022.12.27"]
[EventType "swiss"]
[EventRounds "9"]
[EventCountry "SWE"]
[SourceTitle "CBM 212 Extra"]
[Source "ChessBase"]
[SourceDate "2023.03.31"]
[SourceVersion "1"]
[SourceVersionDate "2023.03.31"]
[SourceQuality "1"]

1. d4 Nf6 2. Nf3 d5 3. Nbd2 Bf5 4. e3 e6 5. b3 c5 6. Bb2 cxd4 7. Nxd4 Bg6 8. Be2 Bd6 9. 0-0 0-0 10. c4 a6 11. N4f3 h6 12. Ne5 Bf5 13. Ndf3 Qe7 14. Qd4 Nc6 15. Qh4 Rfc8 16. cxd5 exd5 17. Nxc6 bxc6 18. Bxf6 Qxf6 19. Qxf6 gxf6 20. Nd4 Bd7 21. Bd3 Rc7 22. Rac1 c5 23. Nf5 Bf8 24. Ng3 a5 25. e4 dxe4 26. Nxe4 Be7 27. Nc3 Bc6 28. Rfe1 Rd8 29. Be4 Kf8 30. Bxc6 Rxc6 31. Kf1 c4 32. bxc4 Rxc4 33. Ne4 Rdc8 34. Rxc4 Rxc4 35. Ng3 Bb4 36. Rd1 Rc5 37. h4 f5 38. Ne2 Rc2 39. Nd4 Rxa2 40. Nxf5 Ke8 41. Nxh6 a4 42. Nf5 a3 43. Nd4 Rb2 44. Nc6 Bd2 45. Ke2 a2 46. g3 Kf8 47. Rxd2 Rxd2+ 48. Kxd2 a1Q 49. Nb4 Qa5 50. Kc3 Qc5+ 0-1

[Event "Uppsala Young Champions 9th"]
[Site "Uppsala"]
[Date "2022.11.02"]
[Round "9"]
[White "Mitusov, Semen"]
[Black "Wernberg, Hugo"]
[Result "1/2-1/2"]
[WhiteElo "2415"]
[BlackElo "2255"]
[PlyCount "174"]
[EventDate "2022.10.28"]
[EventType "swiss"]
[EventRounds "9"]
[EventCountry "SWE"]
[SourceTitle "EXT 2024"]
[Source "ChessBase"]
[SourceDate "2023.10.10"]
[SourceVersion "1"]
[SourceVersionDate "2023.10.10"]
[SourceQuality "1"]

1. e4 e5 2. Nf3 Nc6 3. Bb5 a6 4. Ba4 Nf6 5. 0-0 Be7 6. Re1 b5 7. Bb3 d6 8. c3 0-0 9. h3 Nb8 10. d4 Nbd7 11. Nbd2 Bb7 12. Bc2 Re8 13. Nf1 Bf8 14. Ng3 g6 15. b3 Bg7 16. Bb2 c5 17. a4 c4 18. d5 cxb3 19. Bxb3 Nc5 20. Ba3 Nfd7 21. Re2 Qc7 22. Rea2 Rec8 23. axb5 axb5 24. Bb4 Rxa2 25. Rxa2 Ra8 26. Qb1 Bf8 27. Bc2 Rxa2 28. Qxa2 Qb6 29. Qb1 Be7 30. Bd1 Bd8 31. Be2 Ba6 32. Nf1 Nf6 33. N1d2 Bc7 34. Nh2 Bc8 35. Nhf1 Bd7 36. Ne3 Kg7 37. Bf3 Na6 38. Ba3 Qa5 39. Qb2 Ne8 40. Be2 Bd8 41. Nc2 Qb6 42. Nb4 Nxb4 43. Bxb4 Bh4 44. Nf3 Bxf2+ 45. Kh2 Bc5 46. Bd3 Nc7 47. Qa3 Na6 48. Bf1 Nxb4 49. cxb4 Qa7 50. Qb2 Be3 51. Bd3 Bf4+ 52. g3 Be3 53. Qe2 Qb6 54. Kg2 h6 55. Qa2 Qa7 56. Qe2 Bb6 57. h4 Qa4 58. Qb2 Qd1 59. Be2 Qa4 60. Bd3 f6 61. Bc2 Qa7 62. Bd3 Qb7 63. Qa2 Ba7 64. Qa5 Bb6 65. Qa2 h5 66. Qa1 Ba7 67. Qa5 Bb6 68. Qa1 Bc7 69. Qa2 Bg4 70. Qe2 Bd7 71. Qa2 Bb6 72. Qa1 Qa7 73. Qb2 Qa6 74. Qe2 Ba7 75. Qc2 Qb6 76. Qe2 Qe3 77. Qxe3 Bxe3 78. Ne1 Bd2 79. Nc2 f5 80. Kf2 fxe4 81. Bxe4 Bf5 82. Kf3 Kf6 83. Na3 Bd7 84. Bd3 Bxb4 85. Nxb5 Bxb5 86. Bxb5 Bc5 87. Be8 Bb4 1/2-1/2

[Event "Uppsala Young Champions 9th"]
[Site "Uppsala"]
[Date "2022.11.01"]
[Round "7"]
[White "Galperin, Platon"]
[Black "Wernberg, Hugo"]
[Result "1-0"]
[WhiteElo "2513"]
[BlackElo "2255"]
[PlyCount "89"]
[EventDate "2022.10.28"]
[EventType "swiss"]
[EventRounds "9"]
[EventCountry "SWE"]
[SourceTitle "EXT 2024"]
[Source "ChessBase"]
[SourceDate "2023.10.10"]
[SourceVersion "1"]
[SourceVersionDate "2023.10.10"]
[SourceQuality "1"]

1. d4 Nf6 2. c4 e6 3. Nf3 d5 4. g3 Be7 5. Bg2 0-0 6. Qc2 c6 7. Bf4 Nbd7 8. Nbd2 b6 9. e4 Bb7 10. e5 Ne8 11. h4 g6 12. cxd5 cxd5 13. 0-0 Nb8 14. Rfc1 Nc6 15. Bf1 a6 16. a3 Ng7 17. Bd3 Nf5 18. Bxf5 exf5 19. Qd3 Qd7 20. Bg5 Bxg5 21. Nxg5 Rfc8 22. Kg2 Na5 23. b3 Rxc1 24. Rxc1 Rc8 25. Re1 Qe7 26. Qe3 Rc6 27. Ndf3 Bc8 28. Nh3 Be6 29. h5 Qxa3 30. hxg6 hxg6 31. Qg5 Qf8 32. Nf4 Qg7 33. Qd8+ Qf8 34. Qh4 Qg7 35. Rh1 Nb7 36. Ng5 Kf8 37. Nh7+ Ke8 38. Nf6+ Kd8 39. Qg5 Kc8 40. Rh7 Qf8 41. Qh4 Nd8 42. N6xd5 Bxd5+ 43. Nxd5 Re6 44. Rh8 g5 45. Qh7 1-0

[Event "Uppsala Young Champions 9th"]
[Site "Uppsala"]
[Date "2022.10.31"]
[Round "6"]
[White "Trost, Edvin"]
[Black "Wernberg, Hugo"]
[Result "1/2-1/2"]
[WhiteElo "2347"]
[BlackElo "2255"]
[PlyCount "49"]
[EventDate "2022.10.28"]
[EventType "swiss"]
[EventRounds "9"]
[EventCountry "SWE"]
[SourceTitle "EXT 2024"]
[Source "ChessBase"]
[SourceDate "2023.10.10"]
[SourceVersion "1"]
[SourceVersionDate "2023.10.10"]
[SourceQuality "1"]

1. Nf3 d5 2. d4 Nf6 3. c4 e6 4. g3 Be7 5. Bg2 0-0 6. Nc3 b6 7. 0-0 Bb7 8. cxd5 exd5 9. Bf4 c6 10. Rc1 Nbd7 11. Qa4 Re8 12. Rfd1 b5 13. Qc2 Qb6 14. Ne5 Nxe5 15. Bxe5 Ng4 16. Bf4 g5 17. Be3 h6 18. Rf1 Bf8 19. Qd2 Bg7 20. Nd1 b4 21. Rc5 Bf8 22. Rc2 Bg7 23. Rc5 Bf8 24. Rc2 Bg7 25. Rc5 1/2-1/2

[Event "Uppsala Young Champions 9th"]
[Site "Uppsala"]
[Date "2022.10.30"]
[Round "4"]
[White "Harish, Neeraj"]
[Black "Wernberg, Hugo"]
[Result "0-1"]
[WhiteElo "1915"]
[BlackElo "2255"]
[PlyCount "100"]
[EventDate "2022.10.28"]
[EventType "swiss"]
[EventRounds "9"]
[EventCountry "SWE"]
[SourceTitle "EXT 2024"]
[Source "ChessBase"]
[SourceDate "2023.10.10"]
[SourceVersion "1"]
[SourceVersionDate "2023.10.10"]
[SourceQuality "1"]

1. e4 e5 2. Nf3 Nc6 3. Bc4 Bc5 4. d3 Nf6 5. 0-0 d6 6. c3 h6 7. Re1 0-0 8. h3 a5 9. Nbd2 Ba7 10. Nf1 Be6 11. Bb5 Ne7 12. d4 c6 13. Bd3 Ng6 14. Ng3 Re8 15. Be3 Qe7 16. Nf5 Qf8 17. g4 d5 18. dxe5 Nxe4 19. Bxa7 Rxa7 20. Bxe4 dxe4 21. Rxe4 Bd5 22. Re3 Raa8 23. N5h4 Nf4 24. Qf1 g5 25. c4 Be6 26. Nf5 Bxf5 27. gxf5 f6 28. Rae1 fxe5 29. Nxe5 Qxf5 30. Ng4 Kf8 31. Nxh6 Qf6 32. Ng4 Qxb2 33. Re5 Rxe5 34. Rxe5 Re8 35. Rf5+ Kg7 36. Rxg5+ Kh8 37. Ne3 Rg8 38. Rxg8+ Kxg8 39. Kh1 Kf8 40. Ng4 Qc3 41. Ne3 Qh8 42. Kh2 Qe5 43. Ng4 Qd6 44. Qa1 Ne2+ 45. Kh1 Nd4 46. Qb1 Qa3 47. Ne3 Qe7 48. Qg6 Qh4 49. Kg2 Qf4 50. Qg4 Qe5 0-1

[Event "Titled Tuesday intern op 16th Aug Early"]
[Site "Chess.com INT"]
[Date "2022.08.16"]
[Round "2"]
[White "Wernberg, Hugo"]
[Black "Malka, Samuel"]
[Result "0-1"]
[WhiteElo "2257"]
[BlackElo "2185"]
[PlyCount "64"]
[EventDate "2022.08.16"]
[EventType "swiss (blitz)"]
[EventRounds "11"]
[EventCountry "USA"]
[SourceTitle "EXT 2023"]
[Source "ChessBase"]
[SourceDate "2022.10.05"]
[SourceVersion "1"]
[SourceVersionDate "2022.10.05"]
[SourceQuality "1"]

1. d4 Nf6 2. Nf3 g6 3. g3 Bg7 4. Bg2 0-0 5. 0-0 d6 6. c4 Nc6 7. Nc3 e5 8. d5 Nb8 9. e4 a5 10. h3 Na6 11. Bg5 Qe8 12. Qc1 Nc5 13. Ne1 h5 14. Bh6 Nh7 15. Bxg7 Kxg7 16. f4 f5 17. fxe5 Qxe5 18. Qf4 Qxf4 19. Rxf4 Ng5 20. h4 Nf7 21. Bh3 Ne5 22. exf5 Bxf5 23. Bxf5 Rxf5 24. Rxf5 gxf5 25. b3 Kf6 26. Kh2 Rg8 27. Rd1 Rg4 28. Ne2 Ne4 29. Nf4 Nxg3 30. Neg2 Ng6 31. Nxg6 Kxg6 32. Kh3 f4 0-1

[Event "EU-chT U18"]
[Site "Thessaloniki"]
[Date "2022.07.12"]
[Round "1.8"]
[White "Tagkaloglou, Savvas Stefanos"]
[Black "Wernberg, Hugo"]
[Result "0-1"]
[WhiteElo "1724"]
[BlackElo "2316"]
[PlyCount "106"]
[EventDate "2022.07.12"]
[EventType "team-swiss"]
[EventRounds "7"]
[EventCountry "GRE"]
[SourceTitle "CBM 209 Extra"]
[Source "ChessBase"]
[SourceDate "2022.09.30"]
[SourceVersion "1"]
[SourceVersionDate "2022.09.30"]
[SourceQuality "1"]
[WhiteTeam "Greece Galaxias U18"]
[BlackTeam "Sweden U18"]
[WhiteTeamCountry "GRE"]
[BlackTeamCountry "SWE"]

1. d4 Nf6 2. c4 e6 3. Nc3 Bb4 4. Qc2 d5 5. a3 Be7 6. Nf3 b6 7. e4 dxe4 8. Nxe4 Nbd7 9. Bd3 Bb7 10. b4 c5 11. dxc5 bxc5 12. b5 a6 13. bxa6 Rxa6 14. 0-0 Qa8 15. Re1 0-0 16. Bb2 h6 17. Nfd2 Ne8 18. f3 f5 19. Nc3 Bf6 20. Nb5 Qb8 21. Bxf6 Nexf6 22. Nb3 Rc8 23. Qf2 g6 24. Qd2 Kg7 25. f4 e5 26. fxe5 Nxe5 27. Bf1 Re6 28. h3 Ne4 29. Qb2 Kg8 30. Nc3 Ng5 31. Nd5 Nef3+ 32. gxf3 Qg3+ 33. Qg2 Nxf3+ 34. Kh1 Qxg2+ 35. Bxg2 Nxe1 36. Nf6+ Rxf6 37. Bxb7 Rb8 38. Bd5+ Kg7 39. Nxc5 Re8 40. Rc1 Re3 41. Rb1 g5 42. Kg1 Nd3 43. Rb7+ Kg6 44. Nd7 Rd6 45. Nb6 Kh5 46. a4 Kh4 47. Kg2 Nf4+ 48. Kf2 Rb3 49. a5 Nxd5 50. cxd5 Rxd5 51. a6 Ra5 52. Nd7 Ra2+ 53. Ke1 Rxh3 0-1

[Event "SWE-ch U20"]
[Site "Uppsala"]
[Date "2022.07.04"]
[Round "3"]
[White "Wernberg, Hugo"]
[Black "Olsson, William"]
[Result "0-1"]
[WhiteElo "2316"]
[BlackElo "2284"]
[PlyCount "128"]
[EventDate "2022.07.02"]
[EventType "tourn"]
[EventRounds "9"]
[EventCountry "SWE"]
[SourceTitle "CBM 209 Extra"]
[Source "ChessBase"]
[SourceDate "2022.09.30"]
[SourceVersion "1"]
[SourceVersionDate "2022.09.30"]
[SourceQuality "1"]

1. e4 c5 2. Nf3 d6 3. Bb5+ Nd7 4. Ba4 Ngf6 5. 0-0 e5 6. d3 Be7 7. Re1 0-0 8. c3 Rb8 9. Bc2 b5 10. Nbd2 Re8 11. Nf1 Bf8 12. h3 Bb7 13. Ng3 g6 14. b3 Bg7 15. Bb2 Qc7 16. d4 a5 17. dxe5 dxe5 18. Qe2 Bc6 19. Red1 Nf8 20. c4 N6d7 21. cxb5 Bxb5 22. Bd3 Bc6 23. Bc4 Nb6 24. Ba3 Nxc4 25. Qxc4 Ne6 26. Rac1 Bf8 27. Qc3 f6 28. Nd2 Kg7 29. Nc4 Ra8 30. Ne3 Qb7 31. f3 Red8 32. Rxd8 Rxd8 33. Nc4 a4 34. Na5 Qb6 35. Nxc6 Qxc6 36. b4 c4 37. Qxc4 Rd1+ 38. Nf1 Qxc4 39. Rxc4 Ra1 40. Rc2 Nd4 41. Rc7+ Kg8 42. Rc8 Rxa2 43. Bc1 Ne2+ 44. Kh2 Nxc1 45. Rxc1 Bxb4 46. Ne3 Bd2 47. Rc8+ Kf7 48. Nd5 a3 49. Rc7+ Ke6 50. Ra7 Kd6 51. Ra6+ Kc5 52. Nxf6 Kb5 53. Ra8 Bf4+ 54. Kg1 Be3+ 55. Kh2 Bf4+ 56. Kg1 Bg3 57. Rb8+ Kc4 58. Rc8+ Kd3 59. Rc1 Kd2 60. Rf1 Rc2 61. Nd5 Rc1 62. Nb4 Bf4 63. Rxc1 Kxc1 64. Kf1 Bd2 0-1